| 000 | 01339nam a2200265 i 4500 | ||
|---|---|---|---|
| 001 | bg | ||
| 100 | 1 | _aWILIMOWSKA, Zofia | |
| 245 | 1 | 0 |
_aMetodyka budowy efektywnego portfela projektów inwestycyjnych / _cZofia Wilimowska. |
| 246 | 1 | 1 | _aMethods of construction of the effective portfolio of investment projects |
| 260 |
_aWrocław : _bOficyna Wydawnicza PW, _c1997. |
||
| 300 |
_a192 s. : _brys., wykr. (w tym kolor.) ; _c24 cm. |
||
| 490 | 1 |
_aPrace Naukowe Instytutu Organizacji i Zarządzania Politechniki Wrocławskiej. Monografie = _aScientific Papers of the Institute of Industrial Engineering and Management of the Technical University of Wrocław. Monographs, _x0324-9492 ; _v29 |
|
| 500 | _aTyt. równol. : Methods of construction of the effective portfolio of investment projects. - Numeracja w serii gł. : 66. - Streszcz ang. | ||
| 504 | _aBibliogr. s. 189-191. | ||
| 650 | 9 |
_aInwestycje _xplanowanie _xmetody |
|
| 650 | 9 |
_aRynek kapitałowy _xbadanie _xmetody |
|
| 650 | 9 |
_aRyzyko _xfinanse |
|
| 710 | 0 |
_aPOLITCHNIKA WROCŁAWSKA (Wrocław) _bInstytut Organizacji i Zarządzania |
|
| 830 | 0 |
_aPrace Naukowe Instytutu Organizacji i Zarządzania Politechniki Wrocławskiej. _pMonografie ; _v29 |
|
| 040 | _cBPK | ||
| 041 | 0 |
_apl _ben |
|
| 080 | _a336.76:330.322 | ||
| 942 | _cKS | ||
| 008 | s pl f |000 0 pol | ||
| 999 |
_c33176 _d33176 |
||
| 856 |
_uhttp://koha.tu.koszalin.pl/cgi-bin/koha/opac-detail.pl?biblionumber=33176 _yKatalog online BPK |
||